书目信息 |
| 题名: |
管理研究
|
|
| 作者: | 席酉民 著 | |
| 分册: | ||
| 出版信息: | 北京 机械工业出版社 2000.05 |
|
| 页数: | 415页 | |
| 开本: | 16开 | |
| 丛书名: | ||
| 单 册: | ||
| 中图分类: | C933-51 | |
| 科图分类: | ||
| 主题词: | 领导学 | |
| 电子资源: | ||
| ISBN: | 7-111-08013-0 | |
| 000 | 00519nam0 2200193 45 | |
| 001 | 0103091571 | |
| 005 | 20041009152506.43 | |
| 010 | @a7-111-08013-0@d43.00元 | |
| 100 | @a20010309d2000 km y0chiy0120 ea | |
| 101 | 0 | @achi |
| 105 | @a z 000yy | |
| 200 | 1 | @a管理研究@AGuan Li Yan Jiu@f席酉民著@FXi You Min Zhu |
| 210 | @a北京@c机械工业出版社@d2000.05 | |
| 215 | @a415页@d16开 | |
| 606 | 0 | @a领导学 |
| 690 | @aC933-51@v3 | |
| 701 | 0 | @a席酉民@4著 |
| 801 | @aCN@bPftUser@c20041009 | |
| 905 | @b327739@dC933-51@eX158@f1 | |
| 管理研究/席酉民著.-北京:机械工业出版社,2000.05 |
| 415页;16开 |
| ISBN 7-111-08013-0:43.00元 |
| ● |
| 相关链接 |
|
|
|
正题名:管理研究
索取号:C933-51/X158
 
预约/预借
| 序号 | 登录号 | 条形码 | 馆藏地/架位号 | 状态 | 备注 |
| 1 | 327739 | 203277391 | 社科库509/ [索取号:C933-51/X158] | 在馆 |